| 000 | 00728nam a2200229Ia 4500 | ||
|---|---|---|---|
| 005 | 20241129110115.0 | ||
| 008 | 241129s9999||||xx |||||||||||||| ||und|| | ||
| 020 | _a978-1-138-35171-4 | ||
| 037 | _aTB | ||
| 040 |
_aARTS _beng _cARTS |
||
| 041 |
_aeng _2eng |
||
| 084 |
_aR2 R3 _qARTS |
||
| 100 |
_aGiladi Paul Ed.; McMillan Nicola Ed. _9727223 |
||
| 245 | 0 |
_aEpistemic injustice and the philosophy of recognition _cGiladi Paul Ed.; McMillan Nicola Ed. |
|
| 260 |
_aNew Delhi, USA _bRoutledge _c2022 |
||
| 300 | _axxvii,354p. | ||
| 365 |
_aUKP _b130 |
||
| 490 | _aRoutledge studies in contemporary philosophy | ||
| 650 |
_aPhilosophyTheory of Knowledge _9726840 |
||
| 942 |
_cTB _hR2 R3 |
||
| 999 |
_c1227329 _d1227329 |
||